| 000 | 00689nam a2200169 a 4500 | ||
|---|---|---|---|
| 001 | 000045634 | ||
| 005 | 20201002052346.0 | ||
| 008 | 150420s2002 dr 000 0 spa d | ||
| 040 |
_aDO-SdBNP _bspa _cBNPHU |
||
| 110 | 1 |
_aRepública Dominicana _bSecretaría de Estado de Finanzas _932264 |
|
| 245 | 1 | 0 |
_aBalance de una gestión. : _bdepartamento de fiscalización de hidrocarburos. |
| 260 |
_aSanto Domingo : _bSecretaría de Estado de Finanzas, _c2002. |
||
| 300 |
_a26 p. ; _c21 cm. |
||
| 490 | 1 |
_aDepartamento de fiscalización de hidrocarburos _v7 |
|
| 590 | _aPerteneció a la biblioteca personal de Erick Landestoy | ||
| 830 | 0 |
_aDepartamento de fiscalización de hidrocarburos _n7 _973700 |
|
| 999 |
_c45123 _d45123 |
||